| 000 | 00669nam a22001815i 4500 | ||
|---|---|---|---|
| 001 | 157177 | ||
| 003 | ES-MaACL | ||
| 005 | 20230906210616.0 | ||
| 008 | 040806m18921893gw |||| | ger d | ||
| 040 |
_aCAM _bspa _cCAM |
||
| 100 | 1 |
_aLassalle, Ferdinand. _9128724 |
|
| 245 | 1 | 0 |
_aReden und Schriften / _cFerd. Lassalle's. |
| 250 |
_aNeue Gesammt-Ausgabe _bmit einer biographischen Einleitung herausgegeben von Ed. Bernstein. |
||
| 260 |
_aBerlin : _bVerlag derExpedition des "Dorwärts" Berliner Volksblatt. |
||
| 300 |
_a3 v. (550; 959; 857 p.) ; _c20 cm. |
||
| 700 | 1 | 1 |
_aBerstein, Ed., _eed. lit. _9125959 |
| 852 |
_aES-MaACL _jG-1016-1018 _z-- Enc. tela grabada |
||
| 999 |
_c157177 _d157177 |
||